| 000 | 00754cam a2200253 a 4500 | ||
|---|---|---|---|
| 999 |
_c20490 _d20490 |
||
| 001 | 13755910 | ||
| 003 | OSt | ||
| 005 | 20210226100150.0 | ||
| 008 | 041020s2004 onc 001 0 eng | ||
| 010 | _a 2004478116 | ||
| 016 | _a20049004670 | ||
| 020 | _a0470834390 | ||
| 040 |
_aMMU _bEng _cMMU _dMMU |
||
| 050 | 0 | 0 |
_aBF637.S8 _bS546 2004 |
| 082 | 0 | 4 |
_a158.1 _222 |
| 100 | 1 |
_aSiskind, Barry, _d1946- |
|
| 245 | 1 | 0 |
_aBumblebees can't fly : _b7 simple strategies for making the impossible possible / _cBarry Siskind. |
| 260 |
_aEtobicoke, Ont. : _bJ. Wiley & Sons Canada, _cc2004. |
||
| 300 |
_axiii, 144 p. : _c23 cm. |
||
| 500 | _aIncludes index. | ||
| 650 | 0 |
_aSuccess _xPsychological aspects. |
|
| 650 | 0 | _aCommon sense. | |
| 942 |
_2lcc _cLOAN LOAN |
||